000 00396nam a2200181Ia 4500
001 10124
005 20260306161808.0
008 260306t2008||||xx |||||||||||||| ||spa||
041 _aESP
082 _a901
_bC92
100 _aCruz Cruz, Juan
_eAUT
245 0 _aFilosofĂ­a de la historia
260 _c2008
300 _a
_c
650 _aGEN
654 _aCHU
942 _cLIB
_dJUS
_fJUS
_2ddc
_n
999 _c10124
_d10124